<?xml version="1.0" encoding="UTF-8"?>
<record
    xmlns:xsi="http://www.w3.org/2001/XMLSchema-instance"
    xsi:schemaLocation="http://www.loc.gov/MARC21/slim http://www.loc.gov/standards/marcxml/schema/MARC21slim.xsd"
    xmlns="http://www.loc.gov/MARC21/slim">

  <leader>01482nam a22002417a 4500</leader>
  <controlfield tag="001">3503</controlfield>
  <controlfield tag="003">FISKH</controlfield>
  <controlfield tag="005">20240314085025.0</controlfield>
  <controlfield tag="008">240314b        cb ||||| |||| 00| 0 eng d</controlfield>
  <datafield tag="040" ind1=" " ind2=" ">
    <subfield code="a">FISK </subfield>
    <subfield code="b">eng </subfield>
    <subfield code="c">FISK</subfield>
    <subfield code="d">FISK</subfield>
  </datafield>
  <datafield tag="050" ind1=" " ind2=" ">
    <subfield code="a">PS3552.R354 </subfield>
  </datafield>
  <datafield tag="082" ind1=" " ind2=" ">
    <subfield code="a">813.54 </subfield>
  </datafield>
  <datafield tag="100" ind1=" " ind2=" ">
    <subfield code="a">Jackson Braun Lilian  </subfield>
    <subfield code="d">1913-2011</subfield>
  </datafield>
  <datafield tag="245" ind1=" " ind2=" ">
    <subfield code="a">The cat who played brahms / </subfield>
    <subfield code="c">Lilian Jackson Braun </subfield>
  </datafield>
  <datafield tag="260" ind1=" " ind2=" ">
    <subfield code="a">New York : </subfield>
    <subfield code="b">The Berkley Publishing Group, </subfield>
    <subfield code="c">1987</subfield>
  </datafield>
  <datafield tag="300" ind1=" " ind2=" ">
    <subfield code="a">245 pages : </subfield>
    <subfield code="c">illustrations, </subfield>
  </datafield>
  <datafield tag="505" ind1=" " ind2=" ">
    <subfield code="a">M </subfield>
  </datafield>
  <datafield tag="520" ind1=" " ind2=" ">
    <subfield code="a">Fiction. Mystery. Suspense. Thriller. HTML:A murder leaves Jim Qwilleran and his cats, Koko and Yum Yum, feeling out of tune in this New York Times bestselling mystery in the Cat Who series.
Is it just a case of summertime blues or a full-blown career crisis? Newspaper reporter Jim Qwilleran isn&#xFFFD;??t sure, but he&#xFFFD;??s hoping a few days in the country will help him sort out his life. With cats Koko and Yum Yum for company, he heads for a cabin owned by a longtime family friend named Aunt Fanny.
But from the moment he arrives, things turn strange. Eerie footsteps cross the roof at midnight. The townsfolk become oddly secretive. And then, while fishing, Qwilleran hooks on to a murder mystery. Soon Qwilleran enters into a game of cat and mouse with the killer, while Koko develops a sudden and uncanny fondness for classical mu </subfield>
  </datafield>
  <datafield tag="521" ind1="8" ind2=" ">
    <subfield code="a">780 </subfield>
    <subfield code="b">Lexile </subfield>
  </datafield>
  <datafield tag="700" ind1=" " ind2=" ">
    <subfield code="a">Lilian Jackson Braun </subfield>
  </datafield>
  <datafield tag="942" ind1=" " ind2=" ">
    <subfield code="2">ddc</subfield>
    <subfield code="c">BK</subfield>
    <subfield code="n">0</subfield>
  </datafield>
  <datafield tag="999" ind1=" " ind2=" ">
    <subfield code="c">3503</subfield>
    <subfield code="d">3503</subfield>
  </datafield>
  <datafield tag="952" ind1=" " ind2=" ">
    <subfield code="0">0</subfield>
    <subfield code="1">0</subfield>
    <subfield code="2">ddc</subfield>
    <subfield code="4">0</subfield>
    <subfield code="7">0</subfield>
    <subfield code="8">FIC</subfield>
    <subfield code="a">001</subfield>
    <subfield code="b">001</subfield>
    <subfield code="c">TTP</subfield>
    <subfield code="d">2024-03-14</subfield>
    <subfield code="l">0</subfield>
    <subfield code="o">BRA PS3552.R354 813.54 </subfield>
    <subfield code="p">2024-0324</subfield>
    <subfield code="r">2024-03-14 08:51:34</subfield>
    <subfield code="t">1</subfield>
    <subfield code="w">2024-03-14</subfield>
    <subfield code="y">BK</subfield>
  </datafield>
</record>
